Countries that have beaten Austria at the World Cup - Statistics

General Stats
  • This quiz has been taken 30 times
  • The average score is 11 of 13
Answer Stats
Hint Answer % Correct
1934 Germany
100%
1954 Germany
100%
1982 Germany
100%
1934 Italy
97%
1978 Italy
97%
1990 Italy
97%
1998 Italy
97%
1958 Brazil
90%
1978 Brazil
90%
1982 France
90%
1990 Czechia
63%
1978 Netherlands
63%
1958 Russia
63%
No matching quizzes found
Score Distribution
Percent of People with Each Score
Percentile by Number Answered
Your Score History
You have not taken this quiz